1799 1224 1953 1477 1603 1209 2000 1846 1104 1884 1790 1684 1336 1311 1942 1460 1674 1593 1160 1174 1369 1574 1184 1048 1530 1433 1367 1020 1614 1019 1383 1295 1164 1684 1959 1087 1241 1696 1079 1714 1678 1930 1264 1749 1281 1434 1246 1722 1619 1735 1262 1905 1483 1929 1346 1172 1790 1068 1050 1933 1584 1996 1096 1241 1122 1292 1798 1888 1799 1843 1458 1168 1116 1301 1053 1499 1601 1468 1212 1413 1685 1719 1903 1763 1423 1845 1622 1129 1249 1906 1666 1940 1899 1965 1116 1446 1082 1284 1773 BCNSPRNW ULIB Ver.6.0+V

เปลี่ยนเป็นภาษาไทย

Change to English
 แสดงรายละเอียดบรรณานุกรม
  กลับหน้าหลัก

Brief Record : Get Marc (ISO 2709) : E-mail record : QR code < ปิดหน้าต่าง
LEADER : 00000nam 2200000uu 4500
001    13399127169
003     ULIB
008    191018s2562||||th 000 0 tha d
020 ^- ^a9786168243039
050 ^- ^aนว.^bช499ห
100 0^ ^aชาณา,
245 10 ^aหัวใจปีศาจ /^cชาณา.
250 ^- ^aพิมพ์ครั้งที่ 2.
260 ^1 ^aกรุงเทพฯ :^bดีบุ๊คส์,^c2562.
300 ^- ^a416 หน้า.
945    ^p320^l0^i006355
999    ^aประนอม เกษจรัล
รายการนี้ยังไม่มีแท็ก
คุณยังไม่ได้ล็อกอิน คุณสามารถมีกิจกรรมร่วมกับเว็บไซต์ได้ แต่ต้องล็อกอินก่อน ::
  ล็อกอิน

รายการสื่อสารสนเทศ

ลำดับที่ ประเภท เลขเรียก/บาร์โค้ด สถานที่ สถานะ
1. นวนิยาย
นวนิยาย
นว. ช499ห ฉ.1 
  Barcode: 006355
ห้องสมุดวิทยาเขตนครสวรรค์
►นวนิยาย:l:Fiction
บนชั้น

รายการใกล้เคียง
    ผู้แต่ง [ชาณา,]

BibComment


ยังไม่เคยถูกคอมเมนท์

คอมเมนท์ทรัพยากรรายการนี้
  คอมเมนท์: หัวใจปีศาจ ชาณา


 Copyright 2026. Bcnsprnw @Library